Проект положения о генерал-инспекторе кавалерии, с пояснительной к нему запиской

Доступно только в Электронных читальных залах Найти на картеНа карте
RUSMARC
00003565nmc2a22002413x 450
001150d0e42-f679-4f5b-a70d-3701c21f9174
00520241115222805.0
100##$a20240522l18861886k l0rusy0189 ca
1010#$arus
102##$aRU
105##$ay###
1222#$ad
2001#$aПроект положения о генерал-инспекторе кавалерии, с пояснительной к нему запиской
$j1886 г.
215##$a19 л.
$d36,5х26 см
251##$cДело
300##$aНа бланке обложки указано: "Дело Канцелярии министра Императорского двора и уделов"
371##$aДокумент не является опубликованным и широко распространяемым
461#0$1001RusGRCC00079248
$12001
$aКанцелярия Министерства Императорского двора
$1251
$cФонд
$1852
$j472
462#0$1001a18e3843-e8f1-4a3f-b508-a7893198081f
$12001
$aКанцелярия Министерства Императорского двора
$1251
$cОпись
$1852
$j44
$l425-2195
801#0$aRU
$bРГИА
$c20240522
$gRCR
801#1$aRU
$bГлавНИВЦ
$c20240522
$2rusmarc
801#2$aRU
$bПБ им. Б.Н. Ельцина
$c20241115
$gRCR
$2rusmarc
850##$aРГИА
852##$aРГИА
$eФедеральное казенное учреждение "Российский государственный исторический архив" (РГИА)
$j13
937##$hРГИА
$d12415811
$aASBIBLIO_SCAN
035##$aRusGRCC00079136
856##$uhttp://readingroom.main.prlib.ru/item.aspx?id_node=n194833034&mode=full
Формат отображения